|
|
|
|
| LEADER |
00626cam a2200193 7i4500 |
| 001 |
0000024313 |
| 005 |
20100325090000.0 |
| 020 |
0 |
0 |
|a 978-0-8129-7984-8
|
| 090 |
0 |
0 |
|a B 327.1
|b KHA
|
| 100 |
1 |
0 |
|a Khanna
|
| 245 |
1 |
4 |
|a The Second world :
|b how emerging powers are redefining global competition in the twenty-first century.
|
| 260 |
0 |
0 |
|a New York:
|b Random House Trade Paperbacks,
|c 2008.
|
| 300 |
# |
# |
|a 466 p.
|
| 650 |
0 |
0 |
|a Globalization
|
| 650 |
0 |
0 |
|a World politics --
|x 21st century
|
| 650 |
0 |
0 |
|a Communist countries
|
| 650 |
0 |
0 |
|a Geopolitics
|
| 650 |
0 |
0 |
|a Balance of power
|
| 999 |
|
|
|a B000026459
|b Book
|c Book
|e Business Information Centre
|